000 01697cam a2200277 a 4500
001 14193339
003 OSt
005 20180423175631.0
008 051208s2006 njua b 001 0 eng
010 _a 2005035715
020 _a0130675520
040 _aDLC
_cDLC
_dDLC
042 _apcc
050 0 0 _aHB171.5
_b.H79 2006
082 0 0 _a338.5
_222
_bHUB 2006
100 1 _aHubbard, R. Glenn; Patrick, O'Brien Anthony
_911606
245 1 0 _aEconomics
260 _aNew Jersey;
_bPearson Prentice Hall,
_c2006.
300 _axliii, 981 p. :
_bill. ;
_c29 cm.
504 _aIncludes bibliographical references and index.
505 0 _aEconomics, foundations and models -- Tradeoffs, the market system, and comparative advantage -- Where prices come from, the interaction of demand & supply -- Economic efficiency and government price setting -- Externalities, environmental policy, and public goods -- Elasticity, the responsiveness of demand and supply -- Firms, corporate governance, and the stock market -- Comparative advantage and the gains from international trade -- Consumer behavior -- Production, technology, and costs -- Firms in perfectly competitive markets -- Monopolistic competition, the competitive model in a more realistic setting -- Oligopoly, firms in less competitive markets -- Monopoly and antitrust policy -- Pricing strategy -- The markets for labor and other factors of production -- The economics of information -- The tax system and the distribution of income.
650 0 _aEconomics
_911607
856 4 1 _3Table of contents only
_uhttp://www.loc.gov/catdir/toc/ecip064/2005035715.html
906 _a7
_bcbc
_corignew
_d1
_eecip
_f20
_gy-gencatlg
942 _2ddc
_cO_SHELF
999 _c5562
_d5562